000 00426nam a22001697a 4500
005 20160613134136.0
008 160613b xxu||||| |||| 00| 0 eng d
020 _a978-0-141-32267-4
041 _aeng
082 _b7202
100 _aDahl, Roald
_91783
245 _aDanny, the champion of the world
260 _aNew Delhi
_bPuffin Books India Pvt Ltd.
_c2007
300 _a214
650 _aManagement
_9241
942 _cBK
999 _c2506
_d2505